Vetranie a požiarne vetranie podzemných garáží administratívnej budovy

Salvato in:
Dettagli Bibliografici
Autore principale: Štefko, Adam (Autore)
Altri autori: Masaryk, Michal (Relatore della tesi)
Natura: Manoscritto Libro
Lingua:slovacco
Pubblicazione: 2025
Soggetti:
Accesso online:http://is.stuba.sk/zp/portal_zp.pl?podrobnosti=184694
CRZP
Tags: Aggiungi Tag
Nessun Tag, puoi essere il primo ad aggiungerne!!

MARC

LEADER 00000ntm a22000003a 4500
001 stuzp104317
003 SK-STU
005 20250801111245.1
007 ta
008 150427s2015----xo-----f-mn---000-0-slo-d
040 |a STU  |b slo 
041 0 |a slo 
100 1 |a Štefko, Adam  |u 010290  |4 aut  |U SvF Stavebná fakulta  |T SvF Katedra technických zariadení budov  |X 104406  |U V290  |Y 31  |7 104406 
242 0 1 |a Ventilation and fire ventilation of the underground garages of an administrative building  |y eng 
245 1 0 |a Vetranie a požiarne vetranie podzemných garáží administratívnej budovy 
260 |c 2025 
650 4 |a Ventilation  |2 eng 
650 4 |a Fire Ventilation  |2 eng 
650 4 |a Underground Garage  |2 eng 
650 4 |a Požiarne vetranie  |2 slo 
650 4 |a Vetranie  |2 slo 
650 4 |a podzemné garáže  |2 slo 
700 1 |a Masaryk, Michal  |u 020060  |k Z1  |4 ths  |U SjF Strojnícka fakulta  |T SjF Ústav energetických strojov a zariadení  |X 3392  |U J0060  |Y 805  |7 A000003392 
856 4 |u http://is.stuba.sk/zp/portal_zp.pl?podrobnosti=184694 
856 4 |u https://opac.crzp.sk/?fn=detailBiblioForm&sid=226A7A544DA3649F6A5033E9F6D0  |z CRZP